000 00674nam a2200229Ia 4500
003 OSt
005 20221005123532.0
006 a|||||r|||| 00| 0
007 ta
008 221004b |||||||| |||| 00| 0 eng d
024 _a50459
037 _cTextual
040 _aCRL
_cCRL
_beng
041 _2eng
_aeng
082 _aTaN5, J0
100 _aBlackwell AM
245 0 _aList of researches in education and educational psychology presented for higher degrees in the United Kingdom Northern Ireland and the Irish republic 1918-1948
260 _c1950
650 _aEDUCATION
942 _hTaN5, J0
_cTEXL
_2cc
999 _c1047718
_d1047718